A Study on the Place and Functions of Women in the Evangelical Baptist Convention: With Special Reference to the Paite Tribe | (Record no. 8089)
[ view plain ]
| 000 -LEADER | |
|---|---|
| fixed length control field | 00556nam a22001577a 4500 |
| 003 - CONTROL NUMBER IDENTIFIER | |
| control field | GBCCL |
| 005 - DATE AND TIME OF LATEST TRANSACTION | |
| control field | 20241126110643.0 |
| 008 - FIXED-LENGTH DATA ELEMENTS--GENERAL INFORMATION | |
| fixed length control field | 190218b ||||| |||| 00| 0 eng d |
| 040 ## - CATALOGING SOURCE | |
| Transcribing agency | GBC |
| 082 ## - DEWEY DECIMAL CLASSIFICATION NUMBER | |
| Classification number | ARC MAN |
| Item number | 2001 |
| 100 ## - MAIN ENTRY--PERSONAL NAME | |
| Personal name | Liankhomann |
| 9 (RLIN) | 14100 |
| 245 ## - TITLE STATEMENT | |
| Title | A Study on the Place and Functions of Women in the Evangelical Baptist Convention: With Special Reference to the Paite Tribe | |
| Statement of responsibility, etc. | Liankhomann |
| 300 ## - PHYSICAL DESCRIPTION | |
| Extent | 79 p.; |
| Dimensions | 21 cm. x 27 cm. |
| 650 ## - SUBJECT ADDED ENTRY--TOPICAL TERM | |
| Topical term or geographic name entry element | Women |
| Form subdivision | Place and Functions of Women |
| General subdivision | Evangelical Baptist Convention |
| -- | Paite |
| 9 (RLIN) | 14101 |
| 942 ## - ADDED ENTRY ELEMENTS (KOHA) | |
| Source of classification or shelving scheme | Dewey Decimal Classification |
| Koha item type | Thesis |
| Withdrawn status | Lost status | Source of classification or shelving scheme | Damaged status | Not for loan | Home library | Current Library | Shelving location | Date acquired | Total checkouts | Full call number | Barcode | Date last seen | Copy number | Price effective from | Koha item type |
|---|---|---|---|---|---|---|---|---|---|---|---|---|---|---|---|
| Dewey Decimal Classification | GRACE BIBLE COLLEGE | GRACE BIBLE COLLEGE | Archives | 2019-02-18 | ARC MAN 2001 | 025151 | 2025-05-01 | c.1 | 2019-02-18 | Thesis |